Středoevropská dohoda o volném obchodu

Podrobná bibliografia
Hlavný autor: Čeněk, Jan (Autor)
Médium: Článok
Jazyk:slovenčina
čeština
Fyzický popis:Tab. 1
ISSN:0323-2670
Predmet:

MARC

LEADER 00000nab a2200000 a 4500
001 vtls000480597
003 SK-MaSNL
005 20260304080756.0
008 250424c1993 xo 0 slo
015 |a SNBRB19rr/mm-uuuuu 
035 |a CL0480732 
035 |a urn:nbn:sk:snk-ab2s3c 
035 |a (urnnbn)urn:nbn:sk:snk:ar-a02uzv 
035 |a (uuid)46a61513-1a9a-4700-a7e3-85ed169d9004 
040 |a SNKBUCL  |b slo  |c SNKBUCL  |e AACR2 
041 0 |a cze 
044 |a xo  |c SK 
080 |a 339.542(4)  |2 1981 
080 |a 339.9.012.42(4)  |2 1981 
100 1 |a Čeněk, Jan  |4 aut  |9 1216113 
245 1 0 |a Středoevropská dohoda o volném obchodu  |c Jan Čeněk 
300 |b Tab. 1 
500 |a Začiatok 
650 0 7 |a Stredoeurópska dohoda o voľnom obchode (CEFTA)  |2 snkbucl  |9 986853 
655 7 |a články z novín a časopisov  |2 snkbucl  |9 267496 
773 0 |t Agroekonomika  |g Roč. 2, č. 4 (1993), s. 167-169  |x 0323-2670 
850 |a Slovenská národná knižnica 
852 |a Slovenská národná knižnica 
954 |a odborná, vedecká literatúra cudzojazyčná (svetová)  |2 lita 
954 |a odborná, vedecká literatúra pôvodná (slovenská)  |2 lita 
958 |a article27 
958 |a OND 
958 |a RK 
958 |a EUIPO 
992 |a RBX 
999 |c 2788064  |d 2789994